Personálny lízing

Personálny lízing upravuje zákon č. 455/1991 Zb. o živnostenskom podnikaní. Zákonné súvislosti s platným Občianskym zákonníkom. Špecifiká predmetu podnikania. Personálny lízing ako predmet podnikania. Právne súvislosti so Zákonníkom práce. Sprostredkovanie zamestnania za úhradu. Medzinárodno-právne...

Full description

Saved in:
Bibliographic Details
Main Author: Kopal, Ladislav
Format: Book Chapter
Language:Slovak
Subjects:
Tags: Add Tag
No Tags, Be the first to tag this record!

MARC

LEADER 00000naa a2200000 4500
001 r047368
005 20230919120937.2
041 0 |a slo 
044 |a SK 
245 1 0 |a Personálny lízing  |c Ladislav Kopál 
520 |a Personálny lízing upravuje zákon č. 455/1991 Zb. o živnostenskom podnikaní. Zákonné súvislosti s platným Občianskym zákonníkom. Špecifiká predmetu podnikania. Personálny lízing ako predmet podnikania. Právne súvislosti so Zákonníkom práce. Sprostredkovanie zamestnania za úhradu. Medzinárodno-právne súvislosti sprostredkovania zamestnania. Existencia personálnych agentúr v SR. 
610 2 0 |a lízing personálny 
610 2 0 |a zákonník občiansky 
610 2 0 |a zákonník práce 
610 2 0 |a živnostníci 
610 2 0 |a podnikanie 
610 2 0 |a zamestnanie 
610 2 0 |a personalistika 
610 2 0 |a prenájom zmluvný 
610 2 0 |a zdroje ľudské 
100 1 |a Kopal, Ladislav